| 000 | 01013nam a2200229 a 4500 | ||
|---|---|---|---|
| 003 | BD-DhJNU | ||
| 005 | 20251012053026.0 | ||
| 008 | 240708s2024 bg |||g |||| 000 1|ben|d | ||
| 020 | _a9789849786245 | ||
| 040 |
_aBD-DhJNU _bben _cBD-DhJNU _dBD-DhJNU |
||
| 041 | _aben | ||
| 082 |
_a294.592 HOL _223 |
||
| 100 | _aহোসেন, আবু ইসহাক | ||
| 242 | 1 | 0 | _aLalon bangalee darshoner mohanayak/ by Abu Ishahaq Hossain |
| 245 | 1 | 0 |
_aলালন বাঙালি দর্শনের মহানায়ক / _cআবু ইসহাক হোসেন |
| 246 | _aLalon bangalee darshoner mohanayak | ||
| 260 |
_aঢাকা : _bআফসার ব্রাদার্স, _c2024. |
||
| 300 |
_a২৬৪ পৃ. : _bচিত্র ; _c২২ সেমি.। |
||
| 504 | _aগ্রন্থপঞ্জিগত নির্দেশিকা ও নিঘন্ট অন্তভূক্ত | ||
| 650 | _aলালনের দর্শন--Lalon philosophy | ||
| 942 | _cBK | ||
| 999 |
_c2246 _d2246 |
||